Statistiques concernant Tous les présidents français à partir de la IIIème République

Cliquez ici pour prendre le quiz!

Statistiques générales

  • Ce quiz a été pris 164 fois
  • Le résultat moyen est 17 sur 24

Statistiques - réponses

MandatParti/OrientationPrésident% Correct
2017-2027LREM puis RenaissanceEmmanuel Macron
95%
2012-2017Parti Socialiste (PS)François Hollande
95%
2007-2012UMPNicolas Sarkozy
95%
1959-1969UNR/UDTCharles de Gaulle
94%
1981-1995Parti socialiste (PS)François Mitterrand
94%
1995-2007RPR puis UMPJacques Chirac
94%
1974-1981Républicains Indépendants (RI)Valéry Giscard d'Estaing
94%
1969-1974Union des démocrates pour la RépubliqueGeorges Pompidou
90%
1871-1873OrléanisteAdolphe Thiers
74%
1954-1959Centre national des indépendants et paysansRené Coty
74%
1873-1879LégitimistePatrice de Mac Mahon
73%
1887-1894Républicain modéréSadi Carnot
68%
1913-1920Alliance Républicaine démocratiqueRaymond Poincaré
65%
1895-1899Républicain modéréFélix Faure
63%
1947-1954SFIOVincent Auriol
59%
1879-1887Républicain modéréJules Grévy
57%
1920-1924IndépendantAlexandre Millerand
55%
1931-1932IndépendantPaul Doumer
55%
1924-1931Parti radicalGaston Doumergue
52%
fév.1920-sep.1920Alliance Républicaine démocratiquePaul Deschanel
52%
1932-1940Alliance démocratiqueAlbert Lebrun
50%
1894-1895Républicain modéréJean Casimir-Perier
40%
1899-1906Alliance Républicaine démocratiqueEmile Loubet
38%
1906-1913Alliance Républicaine démocratiqueArmand Fallières
37%

Distribution des résultats

Percentile par nombre de réponses

% des personnes avec chaque résultat

Votre développement - résultats

Vous n’avez pas pris ce quiz